• 首页
  • 本馆介绍
  • 公告通知
  • 最新文献
  • 馆藏检索
  • 电子资源
  • 读者导购
  • 参考咨询
  • 我的图书馆
  • 登录
  • 详细信息显示
  • 放入我的书架
  • 预约/预借图书
  • 作者相关作品
  • 分类相关作品
  • 丛书相关作品
  • 出版社相关作品

书目信息

  • 表格格式
  • 工作单格式
  • 卡片格式
题名:
甲骨文字释林
    
 
作者: 于省吾 著
分册:  
出版信息: 北京   中华书局  2013
页数: 493页
开本: 26cm
丛书名:
单 册:
中图分类: K877.14
科图分类:
主题词: 甲骨文--研究
电子资源:
ISBN: 978-7-101-06643-2
000 00741nam0 2200241 450
001 339272
005 20150608151802.56
010    @a978-7-101-06643-2@b精装@dCNY140.00
100    @a20090713d2009 em y0chiy50 ea
101 0  @achi
102    @aCN@b110000
105    @aa z 000yy
106    @ar
200 1  @a甲骨文字释林@Ajia gu wen zi shi lin@f于省吾著
210    @a北京@c中华书局@d2013
215    @a493页@c照片@d26cm
300    @a于省吾著作集
330    @a本书是于省吾考释甲骨文字成果的汇集, 全书共收论文100余篇, 大多数是对某个或某几个甲骨文字以及某些赐予的考释。
606 0  @a甲骨文@x研究
690    @aK877.14@v5
701  0 @a于省吾@Ayu xing wu@f(1896 1984)@4著
801  0 @aCN@b卓展宏图@c20150525
905    @dK877.14@e300@f2
    
    甲骨文字释林/于省吾著.-北京:中华书局,2013
    493页:照片;26cm
    于省吾著作集
    
    ISBN 978-7-101-06643-2(精装):CNY140.00
    本书是于省吾考释甲骨文字成果的汇集, 全书共收论文100余篇, 大多数是对某个或某几个甲骨文字以及某些赐予的考释。
●
相关链接 在E读中查询图书 在五车中查询图书 在当当中查询图书 在豆瓣中查询图书


正题名:甲骨文字释林     索取号:K877.14/300         预约/预借

序号 登录号 条形码 馆藏地/架位号 状态 备注
1 864334   208643342   第二样本阅览室/ [索取号:K877.14/300] 在馆    
2 864335   208643351   第二借阅区/ [索取号:K877.14/300] 在馆    
唐山师范学院图书馆 欢迎您!
大连网信软件有限公司© 版权所有